MAASAI MARA UNIVERSITY

LIBRARY CATALOGUE

Contact Us: +254 020 2685356/7 or 0774 057787

Box: 861-20500, NAROK, KENYA

Email: info@mmarau.ac.ke

Andrew Sudhir (Record no. 978)

MARC details
000 -LEADER
fixed length control field 00405nam a2200145Ia 4500
008 - FIXED-LENGTH DATA ELEMENTS--GENERAL INFORMATION
fixed length control field 151015s9999 xx 000 0 und d
020 ## - INTERNATIONAL STANDARD BOOK NUMBER
International Standard Book Number 9.7800745151e+012
050 ## - LIBRARY OF CONGRESS CALL NUMBER
Classification number TX911.3A271982
245 ## - TITLE STATEMENT
Title Andrew Sudhir
250 ## - EDITION STATEMENT
Edition statement _Hotel Front Office Training Manual
300 ## - PHYSICAL DESCRIPTION
Extent India Tata McGraw-hill 1982
500 ## - GENERAL NOTE
General note Includes index
650 ## - SUBJECT ADDED ENTRY--TOPICAL TERM
Topical term or geographic name as entry element _Front office
700 ## - ADDED ENTRY--PERSONAL NAME
Personal name ^d20110120 02:56:10^okorir

No items available.

© 2016 Maasai Mara University.